000 00428nam a2200181Ia 4500
001 19780
005 20260306172718.0
008 260306t2006||||xx |||||||||||||| ||spa||
041 _aESP
082 _a341
_bF38
100 _aFernández Sessarego, Carlos
_eAUT
245 0 _aEl derecho como libertad
260 _c2006
300 _a165 páginas :
_c24 cm.
650 _aGEN
654 _aCDE
942 _cLIB
_dJUS
_fJUS
_2ddc
_n
999 _c19780
_d19780